Space Multiple Choice #4 - Statistics

General Stats
  • This quiz has been taken 59 times
  • The average score is 8 of 15
Answer Stats
Question Answer % Correct
What is the Greek version of the god Neptune is named after? Poseidon
88%
Which planet is the hottest? Venus
88%
What is the orbit of the Earth? Elliptical
75%
Which of these objects is smallest? Eris
75%
Which of these is not one of Neptune's moons? Titan
75%
Which planet is known as the "Morning Star"? Venus
75%
What is the outermost part of the Sun? Corona
63%
Which comet hit Jupiter in 1994? Shoemaker-Levy 9
63%
Which planet rotates on its side? Uranus
63%
When will (about) the Sun become a red giant? 5 billion years
50%
How often is Halley's comet visible from Earth? 75 years
38%
Which two planets CAN have the closest distance together out of all planets? Mercury and Venus
38%
Where is the hottest place in the known universe? Virgo constellation
25%
How much bigger is the Sun compared to the Earth? 300,000x
13%
Which of these planets will survive when the Sun becomes a red giant? Earth
0%
No matching quizzes found
Score Distribution
Percent of People with Each Score
Percentile by Number Answered
Your Score History
You have not taken this quiz